LEADER 01246nam a2200289 i 4500 001 000000248156 003 CaOOAMICUS 005 20230421123152.0 008 160302s1765 it u000 u ita u 026 $ailre lel' u-li side (3) 1765 (R) 040 $aSeMil$bita 100 1 $aBlondel, Jean-François.$0(OLS)http://semarc/name/69231 245 10$aStoria del calendario romano. Del signor Francesco Blondel. Novissima traduzione dal francese. 260 $aVenezia :$bAppresso Antonio Graziosi,$c1765. 300 $a[8], 304 p., [3] carte di tav. ripieg. ;$c4°. 500 $aSegn.: *4 A-2P4 500 $aMarca n.c. sul front. 500 $aIniz., fregi xilogr. 650 4$aCalendario romano.$0(OLS)http://semarc/subject/22148 700 1 $aGraziosi, Antonio,$c.$0(OLS)http://semarc/name/6987 850 $aSeMil 852 $aSeMil$W1$xVenegono$y1$m3K II 18 FA$j198502$B198502$CSeMilBibl$Z2$F209639 $8I 941 1 $a10 961 $aRecupero: Mantegazza 996 $6245$aStoria del calendario romano. Del signor Francesco Blondel. Novissima traduzione dal francese$9(OLS)http://semarc/title/350237 996 $6260$aVenezia :$bAppresso Antonio Graziosi$9(OLS)http://semarc/publisher/54401 LEADER 01142nam a2200265 i 4500 001 000000080520 003 CaOOAMICUS 005 20180111000000.0 008 180111s2011 it u000 u ita u 013 $a52758 020 $a978-88-96177-45-7 040 $aSeMil$bita 100 1 $aPensa, Francesca.$0(OLS)http://semarc/name/17414 245 13$aLa Chiesa di San Bernardino alle Monache :$ba Milano in via Lanzone /$cFrancesca Pensa. 260 $aMilano :$bBiblion,$c2011. 300 $a85 p. :$bill. ;$c29 cm. 490 0 $aLuoghi d'arte in Italia ;$v2 650 4$aMilano - Chiese - San Bernardino alle Monache.$0(OLS)http://semarc/subject/45330 830 0$aLuoghi d'arte in Italia ;$v2.$0(OLS)http://semarc/title/400352 850 $aSeMil 852 $aSeMil$W1$xVenegono$y1$m3O V 38$j45983$B45983$CSeMilBibl$Z2$F48117 $81 961 $aOmaggio: Delpini mons. Mario 996 $6020$a978-88-96177-45-7$9(OLS)http://semarc/number/270783 996 $6245$aLa Chiesa di San Bernardino alle Monache :$ba Milano in via Lanzone$9(OLS)http://semarc/title/403970 996 $6260$aMilano :$bBiblion$9(OLS)http://semarc/publisher/35998